JEDER Benutzer mit einem Hervorgehobenes Quiz in Deutsch - Statistiken

Allgemein
  • Dieses Quiz wurde 136 mal gespielt
  • Das Durchschnittsergebnis liegt bei 1 aus 39
Antwortstatistiken
# Nutzer % Korrekt
3 Jato3
62%
567 Gassu
40%
1 UltraSven
14%
55 Stewart
6%
6 Nathaniel
5%
5 Ichbinesgewesen
4%
146 alberici
2%
4 IAB
2%
8 ThatOnePunk
2%
2 12sim5
1%
2 Akula
1%
1 BolyaiAnna
1%
30 Jerry928
1%
16 lele20
1%
3 scambiandJerry
1%
9 skukka
1%
1 UG332
1%
1 100Greats
0%
1 CringeDragon
0%
1 GamerandJerry
0%
3 GeoPhilia
0%
1 Jakub
0%
1 JBman
0%
1 Jonnsen
0%
2 KingEureka
0%
1 KoljiVriVoda
0%
1 lagkapten
0%
1 Laurinibus
0%
4 ludimagister
0%
6 Nightracer
0%
19 Penguinish
0%
1 Pokemonquiz
0%
1 QRU
0%
27 Quizgas
0%
2 Rayquaza10
0%
5 Schokiii
0%
1 Seahawkcoke
0%
1 SWATkun
0%
35 SwissO
0%
Keine übereinstimmenden Quizze gefunden
Verteilung der Resultate
Anzahl Personen mit jedem Resultat
Perzentil nach korrekt beantworteten Fragen
Ihre Resultats-Entwicklung
Sie haben dieses Quiz noch nicht gespielt